000 00395nam a2200157Ia 4500
005 20250603144442.0
008 250603s9999 xx 000 0 und d
020 _a9781954081352
050 _aNA 737 .A32 .A37/
100 _aSmith, Adrian and Gill, Gordon
245 0 _aAdrian Smith + Gordon Gill Architecture 2006-202
260 _bASGG
260 _c2021
300 _a18 p
942 _cBK
999 _c38961
_d38961